[Event "IND-ch U14 Girls 34th"]
[Site "Ahmedabad"]
[Date "2022.05.10"]
[Round "3"]
[White "Arshiya, Das"]
[Black "Arushi, Srichandan"]
[Result "1/2-1/2"]
[WhiteElo "1456"]
[BlackElo "1292"]
[PlyCount "69"]
[EventDate "2022.05.09"]
[EventType "swiss"]
[EventRounds "11"]
[EventCountry "IND"]
[SourceTitle "EXT 2023"]
[Source "ChessBase"]
[SourceDate "2022.10.05"]
[SourceVersion "1"]
[SourceVersionDate "2022.10.05"]
[SourceQuality "1"]

1. e4 e5 2. Nf3 Nf6 3. Nxe5 d6 4. Nf3 Nxe4 5. Qe2 Qe7 6. d3 Nf6 7. Bg5 Qxe2+ 8. Bxe2 Be7 9. Nc3 Bf5 10. 0-0 Nc6 11. Rfe1 0-0-0 12. Rac1 h6 13. Be3 d5 14. d4 Bb4 15. a3 Bxc3 16. bxc3 Ne4 17. c4 Nc3 18. cxd5 Nxe2+ 19. Rxe2 Rxd5 20. c4 Rdd8 21. d5 Na5 22. Ne5 Rhe8 23. Nxf7 Rd7 24. Nxh6 gxh6 25. Rc3 b6 26. Rd2 Nb7 27. f3 h5 28. Kf2 Nc5 29. Bxc5 bxc5 30. Rb3 Rd6 31. Rb5 Bd7 32. Rxc5 Ra6 33. d6 c6 34. Rxh5 Rxa3 35. h4 1/2-1/2